000 00428pab a2200157 454500
008 180718b2003 xxu||||| |||| 00| 0 eng d
100 _aAgrawal, Pradeep
245 _aChina's accession to WTO: implications for China and India
260 _c2003
300 _ap.2544-551.
362 _a21 jun
650 _aWorld Trade Organization
700 _aSahoo, Pravakar
773 _aEconomic and Political Weekly
909 _a56889
999 _c56889
_d56889